Maghreb Cities - Sudden Death - Statistics

General Stats
  • This quiz has been taken 74 times
  • The average score is 8 of 12
Answers on the Grid
Answers color-coded by a green-red scale on the quiz's grid according to % correct below.
Agadir
Alexandria
Algiers
Bamako
Barcelona
Beirut
Benghazi
Cairo
Cape Town
Casablanca
Dakar
Fez
Izmir
Madrid
Marrakesh
Memphis
Nouakchott
Oran
Rabat
Rome
Tangier
Tripoli
Tunis
Yaoundé
 
Answer Stats
Answer % Correct
Agadir
86%
Algiers
79%
Rabat
75%
Casablanca
71%
Marrakesh
71%
Tripoli
71%
Tunis
71%
Fez
64%
Oran
64%
Tangier
64%
Nouakchott
57%
Benghazi
54%
No matching quizzes found
Score Distribution
Percent of People with Each Score
Percentile by Number Answered
Your Score History
You have not taken this quiz